Gương mặt văn học Thăng Long

Quyển sách nêu lên những nhận định về Văn học Thăng Long - Hà Nội mười thế kỷ và nêu lên những gương mặt tiêu biểu qua các thời kỳ dựng nước đuổi giặc, tài hoa cốt cách Thăng Long cũng như cảnh và người Thăng Long trong con mắt người...

Full beskrivning

Sparad:
Bibliografiska uppgifter
Huvudupphovsman: Nguyễn, Huệ Chi
Materialtyp: Bok
Språk:Undetermined
Publicerad: Hà Nội Nxb Hà Nội 2010
Ämnen:
Taggar: Lägg till en tagg
Inga taggar, Lägg till första taggen!
Thư viện lưu trữ: Trung tâm Học liệu Trường Đại học Cần Thơ
LEADER 01209nam a2200217Ia 4500
001 CTU_164497
008 210402s9999 xx 000 0 und d
082 |a 895.92209 
082 |b Ch300 
100 |a Nguyễn, Huệ Chi 
245 0 |a Gương mặt văn học Thăng Long 
245 0 |c Nguyễn, Huệ Chi (chủ biên)...[et al.] 
260 |a Hà Nội 
260 |b Nxb Hà Nội 
260 |c 2010 
520 |a Quyển sách nêu lên những nhận định về Văn học Thăng Long - Hà Nội mười thế kỷ và nêu lên những gương mặt tiêu biểu qua các thời kỳ dựng nước đuổi giặc, tài hoa cốt cách Thăng Long cũng như cảnh và người Thăng Long trong con mắt người xưa. 
650 |a Vietnamese literature,Authors, Vietnamese,Văn học Việt Nam,Tác giả, Người Việt Nam 
650 |x History and criticism,Biography,Lịch sử và phê bình,Tiểu sử 
650 |z Vietnam,Hanoi,Vietnam,Hanoi,Việt Nam,Hà Nội,Việt Nam,Hà Nội 
904 |i Năm 
980 |a Trung tâm Học liệu Trường Đại học Cần Thơ